| 000 | 00793nam a2200313 a 4500 | ||
|---|---|---|---|
| 003 | AR-BaBNM | ||
| 005 | 20251128203917.0 | ||
| 008 | 082120s2002 ||||||||||||||000 | spa|| | ||
| 020 | _a950-802-018-0 | ||
| 040 | _cAR-BaBNM | ||
| 100 | 1 | _aArlt, Roberto | |
| 245 | 0 | 0 | _aEl jorobadito |
| 260 |
_aBuenos Aires _bEspacio _c1993 |
||
| 300 | _a233 p. | ||
| 490 | 0 |
_aEspacio literario _vv. 3 |
|
| 500 | _aContiene juicios sobre la obra de Roberto Arlt | ||
| 650 | 4 | _aLITERATURA ARGENTINA | |
| 650 | 4 | _aCUENTOS | |
| 650 | 4 | _aCULTURA | |
| 650 | 4 | _aHUMANIDADES | |
| 650 | 4 | _aDELITOS | |
| 653 | _aNOVELA DE APRENDIZAJE | ||
| 653 | _aTANGO | ||
| 655 | _aLITERATURA | ||
| 700 | 1 | _aMolina Muñoz, Teodosio | |
| 800 | 1 |
_aSorrentino, Fernando _edirector |
|
| 942 | _cBK | ||
| 998 | _cisola | ||
| 999 |
_c5435 _d5435 |
||